00543nam a22001697a 450000500170000001000150001702000260003203500130005803700130007108200100008410000230009424500940011726000330021127000460024430000330029050000500032320140812151434.0 aENG-110325 a9789350621998c325.00 aEN-93857 bDBAD/PUB a338.5 aAdenutsi, Deodat E aEssentials of microeconomics :cby Deodat E Adenutsibfor business and entrepreneurship / aNew DelhibExcel Booksc2013 aA-45, Naraina, Phase IbNew Delhie110028 axvi,386p. :c25cm(pbk)bill. aIncludes bibliographical references and index